| Tag |
First Indicator |
Second Indicator |
Subfields |
| LEADER |
00000cam a2200000 a 4500 |
| 001 |
in00005768621 |
| 005 |
20260327170823.9 |
| 006 |
m o d |
| 007 |
cr |n||||||||| |
| 008 |
210918s2022 enk o 000 0 eng d |
| 040 |
|
|
|a YDX
|b eng
|e pn
|c YDX
|d OPELS
|d OCLCO
|d OCLCF
|d OCLCQ
|d OCLCO
|d K6U
|d OCLCQ
|d OCLCO
|d OCLCL
|d SFB
|d OCLCO
|d OCLCQ
|d OCLCL
|d OCLCO
|
| 019 |
|
|
|a 1287265962
|a 1287865800
|
| 020 |
|
|
|a 9780128222928
|q (electronic bk.)
|
| 020 |
|
|
|a 0128222921
|q (electronic bk.)
|
| 020 |
|
|
|z 9780128222911
|
| 020 |
|
|
|z 0128222913
|
| 035 |
|
|
|a (OCoLC)1268360236
|z (OCoLC)1287265962
|z (OCoLC)1287865800
|
| 050 |
|
4 |
|a TP248.65.P62
|
| 082 |
0 |
4 |
|a 572.33
|2 23
|
| 049 |
|
|
|a TXAM
|
| 245 |
0 |
0 |
|a Sustainable biopolymer composites :
|b biocompatibility, self-healing, modeling, repair and recyclability /
|c edited by Deepak Verma, Mohit Sharma, Kheng Lim Goh, Siddharth Jain, Himani Sharma.
|
| 264 |
|
1 |
|a Oxford :
|b Woodhead Publishing,
|c [2022]
|
| 300 |
|
|
|a 1 online resource
|
| 336 |
|
|
|a text
|b txt
|2 rdacontent
|
| 337 |
|
|
|a computer
|b c
|2 rdamedia
|
| 338 |
|
|
|a online resource
|b cr
|2 rdacarrier
|
| 490 |
1 |
|
|a Woodhead Publishing series in composites science and engineering
|
| 588 |
0 |
|
|a Print version record.
|
| 520 |
|
|
|a Sustainable Biopolymer Composites: Biocompatibility, Self-healing, Modeling, Repair and Recyclability focuses on sustainable polymer composites also referred to as bio- composites.Vital aspects such as biodegradability, biocompatibility, repair and recyclability are discussed in detail.
|
| 650 |
|
0 |
|a Biopolymers
|x Environmental aspects.
|
| 650 |
|
0 |
|a Composite materials
|x Environmental aspects.
|
| 650 |
|
0 |
|a Biopolymers.
|
| 650 |
|
2 |
|a Biopolymers
|
| 650 |
|
6 |
|a Biopolymères
|x Aspect de l'environnement.
|
| 650 |
|
6 |
|a Composites
|x Aspect de l'environnement.
|
| 650 |
|
6 |
|a Biopolymères.
|
| 650 |
|
7 |
|a Composite materials
|x Environmental aspects
|2 fast
|
| 655 |
|
7 |
|a Electronic books.
|2 local
|
| 700 |
1 |
|
|a Verma, Deepak,
|d 1983-
|1 https://id.oclc.org/worldcat/entity/E39PCjrQthkwFBjCKhMr4R9Q7b
|
| 700 |
1 |
|
|a Sharma, Mohit.
|1 https://id.oclc.org/worldcat/entity/E39PCjDyhmQhg67VMT66mBkCcP
|
| 700 |
1 |
|
|a Goh, Kheng Lim.
|1 https://id.oclc.org/worldcat/entity/E39PCjwr7jxCjj4yx4PCkdb9Qq
|
| 700 |
1 |
|
|a Jain, Siddharth,
|d 1984-
|1 https://id.oclc.org/worldcat/entity/E39PCjyx8qdMCTR7t9vcp63fFX
|
| 700 |
1 |
|
|a Sharma, Himani,
|d 1973-
|1 https://id.oclc.org/worldcat/entity/E39PCjMchqVp7PWFgKvr9FHrxC
|
| 710 |
2 |
|
|a ScienceDirect (Online service)
|
| 758 |
|
|
|i has work:
|a Sustainable biopolymer composites (Text)
|1 https://id.oclc.org/worldcat/entity/E39PCGycjQDdqMVQWG7KMJRpCP
|4 https://id.oclc.org/worldcat/ontology/hasWork
|
| 776 |
0 |
8 |
|i Print version:
|t Sustainable biopolymer composites.
|d Oxford : Woodhead Publishing, [2022]
|z 0128222913
|z 9780128222911
|w (OCoLC)1227383419
|
| 776 |
0 |
8 |
|i Print version:
|t Sustainable biopolymer composites
|z 9780128222911
|w (OCoLC)1263792882
|
| 830 |
|
0 |
|a Woodhead Publishing series in composites science and engineering.
|
| 856 |
4 |
0 |
|u http://proxy.library.tamu.edu/login?url=https://www.sciencedirect.com/science/book/9780128222911
|z Connect to the full text of this electronic book
|t 0
|
| 955 |
|
|
|a Elsevier ScienceDirect 2026-2027
|
| 994 |
|
|
|a 92
|b TXA
|
| 999 |
f |
f |
|i 5f9fb6dc-efa9-4f50-a8d9-8076188f233b
|s c5abde74-cb16-4819-84ad-09d0d94b0cdc
|t 0
|
| 952 |
f |
f |
|a Texas A&M University
|b College Station
|c Electronic Resources
|s www_evans
|d Available Online
|t 0
|e TP248.65.P62
|h Library of Congress classification
|
| 998 |
f |
f |
|a TP248.65.P62
|t 0
|l Available Online
|